Online
Catalog

Afligidos para consolar : (Record no. 23714)

MARC details
000 -CABECERA
campo de control de longitud fija 00671nam a2200193 a 4500
001 - NÚMERO DE CONTROL
campo de control 000024220
005 - FECHA Y HORA DE LA ÚLTIMA TRANSACCIÓN
campo de control 20200930022823.0
008 - DATOS DE LONGITUD FIJA--INFORMACIÓN GENERAL
campo de control de longitud fija 110120s1975 ag r 000 0 spa d
040 ## - FUENTE DE LA CATALOGACIÓN
Centro catalogador/agencia de origen DO-SdBNP
Lengua de catalogación spa
Centro/agencia transcriptor BNPHU
082 ## - NÚMERO DE LA CLASIFICACIÓN DECIMAL DEWEY
Número de clasificación nnnn
Número de documento/Ítem C215a
100 1# - ENTRADA PRINCIPAL--NOMBRE DE PERSONA
Nombre de persona Canclini, Arnoldo
9 (RLIN) 23732
245 10 - MENCIÓN DE TÍTULO
Título Afligidos para consolar :
Resto del título una conversación con los compañeros de ministerio cristiano /
Mención de responsabilidad, etc. Arnoldo Canclini.
260 ## - PUBLICACIÓN, DISTRIBUCIÓN, ETC.
Lugar de publicación, distribución, etc. Buenos Aires :
Nombre del editor, distribuidor, etc. Casa Bautista de Publicaciones,
Fecha de publicación, distribución, etc. 1975.
300 ## - DESCRIPCIÓN FÍSICA
Extensión 65 p. ;
Dimensiones 18 cm.
490 1# - MENCIÓN DE SERIE
Mención de serie CBP
Designación de volumen o secuencia 42050
500 ## - NOTA GENERAL
Nota general Incluye datos biográficos del autor en la contracubierta.
590 ## - NOTA LOCAL (RLIN)
Nota local Inventariado, 2019 /LP
830 #0 - PUNTO DE ACCESO ADICIONAL DE SERIE-TÍTULO UNIFORME
Título uniforme CBP ;
Designación de volumen o secuencia 42050
9 (RLIN) 45223
Holdings
Estado de retiro Estado de pérdida Restricciones de uso No para préstamo Código de colección Localización permanente Ubicación/localización actual Ubicación en estantería Fecha de adquisición Número de inventario Total de préstamos Signatura topográfica completa Código de barras Fecha visto por última vez Precio válido a partir de Tipo de ítem Koha
    Préstamo interno   Monografías: Libros y Folletos General General Depósito 20.01.2011 LF1   nnnn C215a 24220-10 25.06.2020 25.06.2020 Préstamo interno

Powered by Koha